Sports Quiz

Random Sports or Football Quiz

Premier League XIs (2002-03) Quiz Stats

 Plays Quiz not verified by Sporcle

Challenge
Share
Tweet
Embed
Score 0/220 Timer 20:00
1 Play Today
Hint Answer % Correct
ArsenalAshley Cole
96.3%
Blackburn RoversAndy Cole
96.2%
West Ham UnitedJoe Cole
96.1%
ArsenalDavid Seaman
95.6%
ArsenalThierry Henry
95%
Manchester UnitedRio Ferdinand
93.2%
Manchester UnitedRyan Giggs
92.3%
ArsenalSol Campbell
91.8%
EvertonKevin Campbell
91.7%
Manchester UnitedPaul Scholes
91.7%
ArsenalDennis Bergkamp
91.6%
ArsenalRobert Pires
90.7%
Manchester UnitedRoy Keane
90.5%
Tottenham HotspurRobbie Keane
90.4%
ChelseaFrank Lampard
89.9%
LiverpoolSteven Gerrard
89.7%
Tottenham HotspurStephen Carr
89.4%
Manchester UnitedRuud Van Nistelrooy
89.4%
Manchester UnitedDavid Beckham
89.3%
LiverpoolMichael Owen
89.2%
Manchester UnitedFabien Barthez
89%
ArsenalPatrick Vieira
88.2%
Newcastle UnitedAlan Shearer
87.6%
Leeds UnitedMark Viduka
87%
Leeds UnitedAlan Smith
86.4%
ArsenalLauren
86.3%
Newcastle UnitedShay Given
85.8%
LiverpoolJamie Carragher
85.8%
ArsenalMartin Keown
84.9%
Manchester UnitedWes Brown
84.9%
ArsenalSylvain Wiltord
84.3%
ChelseaCarlo Cudicini
83.6%
LiverpoolEmile Heskey
83.6%
LiverpoolSami Hyypiä
83.5%
LiverpoolJerzy Dudek
82.9%
ChelseaGianfranco Zola
82.7%
Leeds UnitedPaul Robinson
82.6%
Birmingham CityStern John
82.4%
Blackburn RoversDwight Yorke
82.1%
Leeds UnitedHarry Kewell
81.8%
ChelseaJimmy-Floyd Hasselbaink
81.7%
Manchester UnitedOle Gunnar Solskjær
80.4%
West Bromwich AlbionAndy Johnson
80.3%
Birmingham CityDamien Johnson
80.2%
Manchester UnitedJohn O'Shea
80.1%
EvertonRichard Wright
79.6%
SunderlandStephen Wright
79.5%
SunderlandKevin Phillips
78.8%
Blackburn RoversBrad Friedel
78.6%
Tottenham HotspurSimon Davies
78.1%
ArsenalGilberto Silva
77.5%
Blackburn RoversDavid Dunn
77.4%
ChelseaMarcel Desailly
77.2%
Blackburn RoversMartin Taylor
76.6%
MiddlesbroughMark Schwarzer
76.2%
West Ham UnitedDavid James
75.5%
LiverpoolJohn Arne Riise
74.8%
ChelseaEiður Guðjohnsen
74.7%
Bolton WanderersJussi Jääskeläinen
73.8%
Manchester UnitedMikael Silvestre
72.4%
Blackburn RoversDamien Duff
72.1%
Tottenham HotspurTeddy Sheringham
72.1%
SouthamptonJames Beattie
71.8%
Leeds UnitedIan Harte
71.4%
MiddlesbroughGareth Southgate
71%
Manchester CityRichard Dunne
70.6%
FulhamEdwin van der Sar
70%
Aston VillaGareth Barry
69.8%
Newcastle UnitedAaron Hughes
69.6%
LiverpoolDietmar Hamann
69.5%
West Ham UnitedJermain Defoe
69.5%
LiverpoolDanny Murphy
69.3%
Manchester CityNicolas Anelka
68.8%
Newcastle UnitedCraig Bellamy
68.3%
Hint Answer % Correct
ChelseaGraeme Le Saux
67.8%
Tottenham HotspurLedley King
67.4%
Newcastle UnitedGary Speed
67.2%
Manchester CityPeter Schmeichel
66.7%
Newcastle UnitedKieron Dyer
66.2%
West Ham UnitedPaulo Di Canio
65.8%
Newcastle UnitedLaurent Robert
65.5%
Bolton WanderersJay Jay Okocha
65.3%
West Ham UnitedMichael Carrick
65.1%
FulhamSteve Finnan
64.9%
Leeds UnitedJonathan Woodgate
63.1%
FulhamSean Davis
63%
Leeds UnitedGarry Kelly
62.7%
SunderlandThomas Sorensen
62.2%
ChelseaMario Melchiot
61.6%
ChelseaWilliam Gallas
61.5%
Charlton AthleticScott Parker
60.9%
SouthamptonWayne Bridge
60.9%
Newcastle UnitedNolberto Solano
60.7%
ChelseaEmmanuel Petit
59.1%
Aston VillaDarius Vassell
58.7%
Leeds UnitedDanny Mills
58%
Tottenham HotspurDean Richards
57.9%
Charlton AthleticLuke Young
57.7%
Tottenham HotspurKasey Keller
57.5%
FulhamSteed Malbranque
57%
Charlton AthleticDean Kiely
57%
Aston VillaDion Dublin
56.9%
Tottenham HotspurGus Poyet
56.9%
EvertonDavid Weir
56.2%
West Ham UnitedTrevor Sinclair
55.8%
MiddlesbroughUgo Ehiogu
55.5%
Manchester CityShaun Wright-Phillips
54.8%
Manchester CitySylvain Distin
54.4%
Bolton WanderersHenrik Pedersen
53.9%
Newcastle UnitedJermaine Jenas
53.6%
SunderlandTore André Flo
53.5%
Tottenham HotspurDarren Anderton
53.4%
Bolton WanderersIvan Campo
53.2%
EvertonThomas Gravesen
52.8%
LiverpoolDjimi Traore
52.7%
EvertonTomasz Radzinski
52.3%
Aston VillaLee Hendrie
52.1%
EvertonDavid Unsworth
51.9%
Aston VillaOlof Mellberg
51.8%
Charlton AthleticJason Euell
51.4%
EvertonTony Hibbert
51.3%
SouthamptonAntti Niemi
51.2%
ChelseaJesper Grønkjær
50.5%
Newcastle UnitedAndy O'Brien
50.3%
Leeds UnitedDominic Matteo
49.9%
Leeds UnitedEirik Bakke
48.6%
Birmingham CityRobbie Savage
48.5%
Bolton WanderersRicardo Gardner
48.1%
EvertonLee Carsley
47.2%
EvertonAlan Stubbs
47.2%
Blackburn RoversTugay Kerimoğlu
46.2%
LiverpoolEl Hadji Diouf
46.1%
Bolton WanderersYouri Djorkaeff
46%
SouthamptonClaus Lundekvam
45.7%
West Ham UnitedIan Pearce
45%
Charlton AthleticChris Powell
44.9%
FulhamLuis Boa Morte
44.8%
Birmingham CityClinton Morrison
44.5%
Charlton AthleticShaun Bartlett
44.1%
MiddlesbroughGeorge Boateng
43.1%
Charlton AthleticMark Fish
42.7%
SouthamptonMichael Svensson
42.7%
SouthamptonAnders Svensson
42.7%
Blackburn RoversLucas Neill
42%
MiddlesbroughJoseph-Désiré Job
41.9%
FulhamSteve Marlet
41.5%
West Bromwich AlbionJason Roberts
40.6%
Charlton AthleticClaus Jensen
40.5%
Hint Answer % Correct
Manchester CityNiclas Jensen
40.5%
SunderlandKevin Kilbane
40.5%
SunderlandPhil Babb
40.2%
SunderlandMichael Gray
39.9%
Newcastle UnitedOlivier Bernard
39.7%
Aston VillaRonny Johnsen
39.5%
MiddlesbroughMassimo Maccarone
38.6%
FulhamSylvain Legwinski
37.6%
Aston VillaPeter Enckelman
37.2%
Birmingham CityKenny Cunningham
36.2%
Bolton WanderersBruno N'Gotty
36.1%
Aston VillaSteve Staunton
35.6%
EvertonGary Naysmith
35.2%
West Ham UnitedTomas Repka
35%
West Ham UnitedSteve Lomas
35%
SunderlandGavin McCann
34.8%
MiddlesbroughJonathan Greening
34.8%
Charlton AthleticKevin Lisbie
34.3%
Aston VillaMark Kinsella
34.1%
FulhamAlain Goma
33.8%
West Bromwich AlbionRussell Hoult
33.8%
Blackburn RoversDavid Thompson
32.5%
Charlton AthleticRichard Rufus
32.3%
West Bromwich AlbionDarren Moore
32%
Leeds UnitedJason Wilcox
31.3%
Blackburn RoversGarry Flitcroft
31.2%
Aston VillaJ'Lloyd Samuel
31.2%
MiddlesbroughSzilárd Németh
31%
Birmingham CityAliou Cissé
30.9%
West Ham UnitedÉdouard Cissé
30.9%
MiddlesbroughGeremi
30.7%
MiddlesbroughFranck Queudrue
30.2%
SouthamptonMatthew Oakley
29.9%
Manchester CitySun Jihai
29.7%
Manchester CityMarc-Vivien Foé
29.5%
Tottenham HotspurMauricio Taricco
29.5%
SouthamptonChris Marsden
28.1%
Charlton AthleticRadostin Kishishev
28.1%
SouthamptonPaul Telfer
27.6%
SouthamptonBrett Ormerod
27.4%
Manchester CityEyal Berkovic
27.1%
Bolton WanderersPer Frandsen
26.9%
West Ham UnitedChristian Dailly
26.9%
Birmingham CityStan Lazaridis
26%
Blackburn RoversCraig Short
25.9%
SunderlandJody Craddock
25.8%
FulhamRufus Brevett
24.7%
Birmingham CityJeff Kenna
24.5%
FulhamAndy Melville
24.5%
EvertonLi Tie
24.1%
Bolton WanderersSimon Charlton
24%
Bolton WanderersGuðni Bergsson
23.8%
MiddlesbroughStuart Parnaby
23%
Aston VillaThomas Hitzlsperger
22.1%
Birmingham CityNico Vaesen
21.6%
West Bromwich AlbionNeil Clement
21.6%
SouthamptonFabrice Fernandes
19.3%
Manchester CitySteve Howey
19.3%
Manchester CityKevin Horlock
18.3%
Birmingham CityDarren Purse
17.5%
West Bromwich AlbionRonnie Wallwork
16.6%
West Bromwich AlbionJason Koumas
16.6%
Tottenham HotspurGoran Bunjevčević
15.2%
SunderlandGeorge McCartney
14.2%
FulhamMartin Djetou
14.1%
Bolton WanderersAnthony Barness
13.8%
West Bromwich AlbionDerek McInnes
10.1%
West Bromwich AlbionSean Gregan
9.5%
Birmingham CityPaul Devlin
9.4%
West Bromwich AlbionLárus Sigurðsson
8.5%
SunderlandJoachim Björklund
7.9%
West Bromwich AlbionIgor Balis
7.4%

You're not logged in!

Compare scores with friends on all Sporcle quizzes.
Join for Free
OR
Log In

You Might Also Like...

Show Comments

Extras

Top Quizzes Today


Score Distribution

Your Account Isn't Verified!

In order to create a playlist on Sporcle, you need to verify the email address you used during registration. Go to your Sporcle Settings to finish the process.

Report this User

Report this user for behavior that violates our Community Guidelines.

Details: